• 首页
  • 本馆介绍
  • 公告通知
  • 最新文献
  • 馆藏检索
  • 电子资源
  • 读者导购
  • 参考咨询
  • 我的图书馆
  • 登录
  • 详细信息显示
  • 放入我的书架
  • 预约/预借图书
  • 作者相关作品
  • 分类相关作品
  • 丛书相关作品
  • 出版社相关作品

书目信息

  • 表格格式
  • 工作单格式
  • 卡片格式
题名:
“三韵”音乐教学
    
 
作者: 林秀芳 著
分册:  
出版信息: 福州   福建教育出版社  2020.8
页数: 262页
开本: 24cm
丛书名: 福建省第二届小学名师培养丛书
单 册:
中图分类: G623.712
科图分类:
主题词: 音乐教育--教学研究--小学
电子资源:
ISBN: 978-7-5334-8831-4
000 00890nam0 2200265 45
001 012001002172
005 20140823081657.0
010    @a978-7-5334-8831-4@dCNY45.00
100    @a20201013d2020 em y0chiy0110 ea
101 0  @achi
102    @aCN@b350000
105    @aag z 000yy
106    @ar
200 1  @a“三韵”音乐教学@A“ san yun ” yin yue jiao xue@f林秀芳著
210    @a福州@c福建教育出版社@d2020.8
215    @a262页@c图@d24cm
225 2  @a福建省第二届小学名师培养丛书
330    @a本书记录了作者就“三韵”教学进行的理论研究和探索实践,并结合实践案例对“三韵”教学的基本模式进行了归纳与总结。
410  0 @12001 @a福建省第二届小学名师培养丛书
461  0 @12001 @a福建省第二届小学名师培养丛书
606 0  @a音乐教育@x教学研究@x小学
690    @aG623.712@v5
701  0 @a林秀芳@Alin xiu fang@4著
801    @aCN@bAHXH@c20210922
905    @b1253643-7@dG623.712@e1701@f5
    
    “三韵”音乐教学/林秀芳著.-福州:福建教育出版社,2020.8
    262页:图;24cm.-(福建省第二届小学名师培养丛书)
    
    
    ISBN 978-7-5334-8831-4:CNY45.00
    本书记录了作者就“三韵”教学进行的理论研究和探索实践,并结合实践案例对“三韵”教学的基本模式进行了归纳与总结。
●
相关链接 在E读中查询图书 在五车中查询图书 在当当中查询图书 在豆瓣中查询图书


正题名:"三韵"音乐教学     索取号:G623.712/1701         预约/预借

序号 登录号 条形码 馆藏地/架位号 状态 备注
1 1253643   212536433   第一样本阅览室/ [索取号:G623.712/1701] 在馆    
2 1253644   212536442   教育系资料室/ [索取号:G623.712/1701] 在馆    
3 1253645   212536451   教育系资料室/ [索取号:G623.712/1701] 在馆    
4 1253646   212536460   第四借阅区/ [索取号:G623.712/1701] 在馆    
5 1253647   212536479   第四借阅区/ [索取号:G623.712/1701] 在馆    
唐山师范学院图书馆 欢迎您!
大连网信软件有限公司© 版权所有